| 000 | 00871nam a22002775i 4500 | ||
|---|---|---|---|
| 001 | 15317 | ||
| 003 | ES-MaACL | ||
| 005 | 20240502063035.0 | ||
| 007 | t| | ||
| 008 | 000214s1995 sp ||||0| spa j | ||
| 020 | _a84-7517-426-4 | ||
| 040 |
_aM-BN _bspa _cM-BN |
||
| 080 | _a860-82"19" | ||
| 100 | 0 |
_aNúñez, Aníbal, _d1945- _986140 |
|
| 245 | 1 | 0 |
_aObra poética / _cAníbal Núñez ; edición de Fernando R. de la Flor y Esteban Pujals Gesalí. |
| 250 | _a1ª ed. | ||
| 260 |
_aMadrid : _bHiperión, _c1995. |
||
| 300 |
_a2 v. : _bretr. ; _c20 cm. |
||
| 490 | 1 |
_aPoesía Hiperión ; _v254-255 |
|
| 500 | _aIndice. | ||
| 700 | 1 |
_aFlor, Fernando R. de la. _951231 |
|
| 700 | 1 |
_aPujals Gesalí, Esteban ( _d1952-) _994323 |
|
| 830 | 0 |
_aPoesía Hiperión ; _v254-255 _9177326 |
|
| 852 |
_aES-MaACL _jL-22606-7 _bR.128122 |
||
| 999 |
_c15317 _d15317 |
||